000
00233nam a22001097a 4500
082
_a
823
_b
STI/S
100
_a
STIMSON, JOAN
245
_a
STORY TIME 3 YEARS
260
_a
UK
_b
LADYBIRD
650
_a
ENGLISH SHORT STORY
_z
UK
942
_c
BK
999
_c
4557
_d
4557